Central Library OPAC University of Rajshahi

Classified examples in electrical engineering / (Record no. 68174)

MARC details
000 -LEADER
fixed length control field 00726nam a2200229 a 4500
001 - CONTROL NUMBER
control field 68174
003 - CONTROL NUMBER IDENTIFIER
rucl marc code BD-RjUL
005 - DATE AND TIME OF LATEST TRANSACTION
control field 20211209081735.0
008 - FIXED-LENGTH DATA ELEMENTS--GENERAL INFORMATION
fixed length control field 170404m19621961enka 000 0 eng d
035 ## - SYSTEM CONTROL NUMBER
System control number (BD-RjUL)68384
040 ## - CATALOGING SOURCE
Original cataloging agency DLC
Transcribing agency CarP
Modifying agency DLC
Language of cataloging eng
041 ## - LANGUAGE CODE
Language code of text/sound track or separate title eng
082 ## - DEWEY DECIMAL CLASSIFICATION NUMBER
Classification number 621.3
Author mark and year MOC 1962
Edition number 23
100 1# - MAIN ENTRY--PERSONAL NAME
Personal name Monk, Sidney Gordon
9 (RLIN) 40716
245 00 - TITLE STATEMENT
Title Classified examples in electrical engineering /
Statement of responsibility, etc. Sidney Gordon Monk
Number of part/section of a work V-2
250 ## - EDITION STATEMENT
Edition statement 7th ed.
260 ## - PUBLICATION, DISTRIBUTION, ETC. (IMPRINT)
Place of publication, distribution, etc. London :
Name of publisher, distributor, etc. Sir I. Pitman & sons, ltd.,
Date of publication, distribution, etc. 1961 [reprinting 1962]
300 ## - PHYSICAL DESCRIPTION
Pagination V. :
Illustrations ill. ;
Size 19 cm.
505 0# - FORMATTED CONTENTS NOTE
Formatted contents note Vol. 2. Higher National Certificates --
650 #0 - SUBJECT ADDED ENTRY--TOPICAL TERM
Topical term or geographic name as entry element Electrical engineering
Form subdivision Examinations, questions, etc.
9 (RLIN) 40717
942 ## - ADDED ENTRY ELEMENTS (KOHA)
Source of classification or shelving scheme Dewey Decimal Classification
Koha item type Books
Holdings
Lost status Source of classification or shelving scheme Damaged status Not for loan Collection code Permanent Location Current Location Shelving location Date acquired Source of acquisition Cost, normal purchase price Total Checkouts Full call number Date last seen Copy number Koha item type
  Dewey Decimal Classification   Not For Loan Non-fiction Central Library, University of Rajshahi Central Library, University of Rajshahi Reading Room 26/10/1967 Continental Publication, Dacca. 0.00   621.3 MOC V-2 1962 30/03/2017 C-1 Books